[Event "Washington Eastern op"]
[Site "Washington DC"]
[Date "2003.12.28"]
[Round "5"]
[White "Rubenchik, Rodion"]
[Black "Sherzer, Alex"]
[Result "0-1"]
[WhiteElo "2331"]
[BlackElo "2494"]
[PlyCount "84"]
[EventDate "2003.12.26"]
[EventType "swiss"]
[EventRounds "8"]
[EventCountry "USA"]
[SourceTitle "CBM 097 Extra"]
[Source "ChessBase"]
[SourceDate "2004.01.13"]
[SourceVersion "1"]
[SourceVersionDate "2004.01.13"]
[SourceQuality "1"]

1. Nf3 Nf6 2. c4 g6 3. Nc3 Bg7 4. e4 d6 5. d4 0-0 6. Be2 e5 7. dxe5 dxe5 8. Qxd8 Rxd8 9. Bg5 Re8 10. Nd5 Nxd5 11. cxd5 c6 12. Bc4 cxd5 13. Bxd5 Nd7 14. Nd2 Nc5 15. Ke2 Ne6 16. Bxe6 Bxe6 17. Rhc1 Rac8 18. Be3 a6 19. b3 f5 20. f3 b5 21. a4 b4 22. Nc4 Bf8 23. Na5 fxe4 24. fxe4 Bg4+ 25. Ke1 Rc3 26. Rxc3 bxc3 27. h3 Be6 28. Ke2 Rb8 29. Rb1 Rb4 30. Kd3 Rxe4 31. Kxe4 Bf5+ 32. Kxe5 Bxb1 33. Bc1 h5 34. Kd4 Bg7+ 35. Kc4 Be4 36. g3 Bg2 37. h4 Be5 38. b4 c2 39. b5 axb5+ 40. axb5 Bxg3 41. Kd3 Bxh4 42. Kxc2 Bg3 0-1

[Event "Philadelphia National op 34th"]
[Site "Philadelphia"]
[Date "2003.11.28"]
[Round "1"]
[White "Steigman, AJ."]
[Black "Sherzer, Alex"]
[Result "0-1"]
[WhiteElo "2242"]
[BlackElo "2494"]
[PlyCount "88"]
[EventDate "2003.11.28"]
[EventType "swiss"]
[EventRounds "6"]
[EventCountry "USA"]
[SourceTitle "CBM 097 Extra"]
[Source "ChessBase"]
[SourceDate "2004.01.13"]
[SourceVersion "1"]
[SourceVersionDate "2004.01.13"]
[SourceQuality "1"]

1. e4 e5 2. Nf3 Nc6 3. Bb5 Nf6 4. Qe2 Bc5 5. 0-0 0-0 6. d3 d6 7. h3 Bd7 8. Nc3 a6 9. Ba4 Ba7 10. Bb3 Re8 11. Nd5 h6 12. c3 Be6 13. Be3 Bxd5 14. Bxd5 Nxd5 15. exd5 Ne7 16. Bxa7 Rxa7 17. c4 Ng6 18. g3 f5 19. Nh2 c5 20. Rab1 a5 21. Rfe1 b6 22. f4 Qf6 23. fxe5 Rxe5 24. Qf2 f4 25. g4 Rae7 26. Rxe5 Nxe5 27. Rd1 f3 28. b3 Rf7 29. d4 cxd4 30. Rxd4 Qg6 31. Rd1 h5 32. Rd4 Qb1+ 33. Nf1 hxg4 34. hxg4 Nd3 35. Qe3 f2+ 36. Kg2 Ne1+ 37. Kh2 Qh7+ 38. Kg3 Qh1 39. Qe8+ Rf8 40. Qe6+ Kh8 41. Rf4 Qg1+ 42. Kh3 Qxf1+ 43. Kh4 Qh1+ 44. Kg5 Qh6+ 0-1

[Event "Atlantic op"]
[Site "Washington DC"]
[Date "2002.08.25"]
[Round "4"]
[White "Sherzer, Alex"]
[Black "Chiong Zacarias, Romero Luis"]
[Result "1-0"]
[WhiteElo "2493"]
[BlackElo "2368"]
[PlyCount "27"]
[EventDate "2002.08.23"]
[EventType "swiss"]
[EventRounds "5"]
[EventCountry "USA"]
[SourceTitle "CBM 089 Extra"]
[Source "ChessBase"]
[SourceDate "2002.09.10"]
[SourceVersion "2"]
[SourceVersionDate "2002.09.10"]
[SourceQuality "1"]

1. e4 c5 2. Nf3 d6 3. d4 cxd4 4. Nxd4 Nf6 5. Nc3 a6 6. f4 Qc7 7. Nf3 g6 8. e5 dxe5 9. fxe5 Nfd7 10. Nd5 Qd8 11. Bg5 Nb6 12. Nf6+ exf6 13. Qxd8+ Kxd8 14. Bxf6+ 1-0

[Event "HUN-chT 0001"]
[Site "Hungary"]
[Date "2001.04.08"]
[Round "10"]
[White "Csonka, Attila Istvan"]
[Black "Sherzer, Alex"]
[Result "0-1"]
[WhiteElo "2310"]
[BlackElo "2472"]
[PlyCount "80"]
[EventDate "2000.11.26"]
[EventType "team-tourn"]
[EventRounds "11"]
[EventCountry "HUN"]
[SourceTitle "EXT 2009"]
[Source "ChessBase"]
[SourceDate "2008.11.26"]
[SourceVersion "1"]
[SourceVersionDate "2008.11.26"]
[SourceQuality "1"]
[WhiteTeam "Haladas"]
[BlackTeam "Csuti"]
[WhiteTeamCountry "HUN"]
[BlackTeamCountry "HUN"]

1. e4 e5 2. Nf3 Nc6 3. Bb5 Nf6 4. 0-0 Nxe4 5. d4 Nd6 6. Bxc6 dxc6 7. dxe5 Nf5 8. Qxd8+ Kxd8 9. Nc3 Bb4 10. Ne4 Be6 11. c3 Be7 12. g4 Nh4 13. Nxh4 Bxh4 14. Bg5+ Bxg5 15. Nxg5 Bd5 16. Rfd1 Ke7 17. Rd4 h6 18. Ne4 Rad8 19. Ng3 g6 20. b3 Bf3 21. Rxd8 Rxd8 22. h3 Rd3 23. c4 c5 24. Nf1 Ke6 25. Re1 a5 26. Re3 Rxe3 27. fxe3 h5 28. gxh5 Bxh5 29. Nd2 Kxe5 30. Kf2 b6 31. Kg3 Bd1 32. Kf2 g5 33. Nb1 a4 34. bxa4 Bxa4 35. Nc3 Bd7 36. Nd5 Bxh3 37. Nxc7 Be6 38. Na8 Bxc4 39. a4 b5 40. Nb6 Bd3 0-1

[Event "Budapest FS02 GM"]
[Site "Budapest"]
[Date "2001.02.16"]
[Round "13"]
[White "Estrada Nieto, Julian"]
[Black "Sherzer, Alex"]
[Result "0-1"]
[WhiteElo "2372"]
[BlackElo "2472"]
[PlyCount "98"]
[EventDate "2001.02.03"]
[EventType "tourn"]
[EventRounds "13"]
[EventCountry "HUN"]
[EventCategory "7"]
[SourceTitle "CBM 080 Extra"]
[Source "ChessBase"]
[SourceDate "2001.03.08"]
[SourceVersion "1"]
[SourceVersionDate "2001.03.08"]
[SourceQuality "1"]

1. e4 e5 2. Nf3 Nc6 3. Bb5 Nf6 4. 0-0 Nxe4 5. Re1 Nd6 6. Nxe5 Be7 7. Bf1 Nxe5 8. Rxe5 0-0 9. d4 b6 10. Bf4 Bb7 11. Re1 Nf5 12. c3 Bd6 13. Qg4 g6 14. Bxd6 Nxd6 15. Nd2 Re8 16. Bd3 Re6 17. Rxe6 dxe6 18. Qf4 Kg7 19. Ne4 Nxe4 20. Bxe4 Bxe4 21. Qxe4 Qd5 22. Qxd5 exd5 23. Re1 c5 24. dxc5 bxc5 25. Rd1 Rd8 26. Kf1 Kf6 27. Ke2 Re8+ 28. Kf3 Re5 29. Rd3 Rh5 30. g4 Re5 31. Re3 h5 32. Rxe5 Kxe5 33. gxh5 gxh5 34. Ke3 a5 35. b3 f5 36. f4+ Kd6 37. a3 Kc6 38. Kd3 Kb5 39. b4 h4 40. a4+ Kxa4 41. bxc5 Kb5 42. Kd4 Kc6 43. Ke5 a4 44. Kxf5 a3 45. Kg6 a2 46. f5 a1Q 47. f6 Qg1+ 48. Kh7 Qxh2 49. f7 Qf4 0-1

[Event "Budapest FS02 GM"]
[Site "Budapest"]
[Date "2001.02.15"]
[Round "12"]
[White "Sherzer, Alex"]
[Black "Kallio, Heikki"]
[Result "0-1"]
[WhiteElo "2472"]
[BlackElo "2431"]
[PlyCount "88"]
[EventDate "2001.02.03"]
[EventType "tourn"]
[EventRounds "13"]
[EventCountry "HUN"]
[EventCategory "7"]
[SourceTitle "CBM 080 Extra"]
[Source "ChessBase"]
[SourceDate "2001.03.08"]
[SourceVersion "1"]
[SourceVersionDate "2001.03.08"]
[SourceQuality "1"]

1. e4 c5 2. Nf3 e6 3. d4 cxd4 4. Nxd4 Nf6 5. Nc3 d6 6. Be2 a6 7. a4 b6 8. Bf3 e5 9. Nf5 d5 10. Bg5 d4 11. Nd5 Nbd7 12. 0-0 Ra7 13. Re1 h6 14. Nxd4 exd4 15. e5 Nxe5 16. Rxe5+ Be6 17. Nxf6+ gxf6 18. Bh4 fxe5 19. Bxd8 Kxd8 20. Qe2 Bd6 21. c3 dxc3 22. bxc3 Ke7 23. Qe3 Rc7 24. Qxb6 Rxc3 25. Qxa6 f5 26. Bb7 Bc5 27. a5 Rd8 28. Qe2 e4 29. Qb2 Bd4 30. Qb4+ Kf6 31. Rb1 Rc2 32. Qe1 Ba2 33. Rc1 Bxf2+ 34. Kh1 Bxe1 35. Rxc2 Rd1 36. g4 Bxa5+ 37. Kg2 Rd2+ 38. Rxd2 Bxd2 39. gxf5 e3 40. Ba6 Bd5+ 41. Kg3 Kxf5 42. Bd3+ Ke5 43. Kg4 Kd4 44. Be2 Bc4 0-1

[Event "Budapest FS02 GM"]
[Site "Budapest"]
[Date "2001.02.12"]
[Round "9"]
[White "Sherzer, Alex"]
[Black "Szeberenyi, Adam"]
[Result "1-0"]
[WhiteElo "2472"]
[BlackElo "2411"]
[PlyCount "65"]
[EventDate "2001.02.03"]
[EventType "tourn"]
[EventRounds "13"]
[EventCountry "HUN"]
[EventCategory "7"]
[SourceTitle "CBM 080 Extra"]
[Source "ChessBase"]
[SourceDate "2001.03.08"]
[SourceVersion "1"]
[SourceVersionDate "2001.03.08"]
[SourceQuality "1"]

1. e4 c5 2. Nf3 d6 3. d4 cxd4 4. Nxd4 Nf6 5. Nc3 a6 6. Be3 Ng4 7. Bg5 h6 8. Bc1 Nc6 9. Be2 Nf6 10. f4 Qb6 11. Nb3 e6 12. Qd3 Nb4 13. Qd2 Bd7 14. a3 Nc6 15. Qe3 Qxe3 16. Bxe3 b5 17. 0-0-0 Be7 18. g4 0-0 19. h4 Kh7 20. g5 Ng8 21. Rdg1 Rfc8 22. Rg2 Bf8 23. Rhg1 Nce7 24. Kb1 Bc6 25. Na5 f5 26. gxf6 Nxf6 27. Bd4 e5 28. fxe5 Nxe4 29. Bd3 d5 30. Nxc6 Nxc6 31. Nxd5 Nxd4 32. Bxe4+ Kh8 33. Nb6 1-0

[Event "Budapest FS02 GM"]
[Site "Budapest"]
[Date "2001.02.07"]
[Round "4"]
[White "Markus, Robert"]
[Black "Sherzer, Alex"]
[Result "1-0"]
[WhiteElo "2452"]
[BlackElo "2472"]
[PlyCount "111"]
[EventDate "2001.02.03"]
[EventType "tourn"]
[EventRounds "13"]
[EventCountry "HUN"]
[EventCategory "7"]
[SourceTitle "CBM 080 Extra"]
[Source "ChessBase"]
[SourceDate "2001.03.08"]
[SourceVersion "1"]
[SourceVersionDate "2001.03.08"]
[SourceQuality "1"]

1. d4 d5 2. c4 c6 3. Nc3 Nf6 4. e3 Bf5 5. cxd5 Nxd5 6. Nf3 e6 7. Bd3 Bg4 8. h3 Bh5 9. 0-0 Bd6 10. e4 Ne7 11. Qe2 Nd7 12. Rd1 Bxf3 13. Qxf3 Ng6 14. g3 Bc7 15. Bc2 0-0 16. h4 h6 17. h5 Ne7 18. Be3 Re8 19. Kg2 Nb6 20. Bb3 Qd7 21. Rac1 Rad8 22. Rc2 Rf8 23. d5 exd5 24. exd5 Qf5 25. Rcd2 Qxf3+ 26. Kxf3 Nbxd5 27. Bxd5 Nxd5 28. Nxd5 Rxd5 29. Rxd5 cxd5 30. Rxd5 b6 31. Rd7 Rc8 32. Bd2 a6 33. Bc3 Bd8 34. Rb7 Kf8 35. Ra7 a5 36. a4 f6 37. Rd7 Be7 38. Ke4 Bb4 39. Bxb4+ axb4 40. Rd4 b3 41. Rb4 Rc2 42. Rxb3 Rc4+ 43. Kf5 Rxa4 44. Rxb6 Ra5+ 45. Kg6 Rg5+ 46. Kh7 Rxh5 47. Rb8+ Kf7 48. Rb7+ Ke8 49. Kxg7 Rh2 50. f4 Rg2 51. Rb3 h5 52. Kxf6 Rh2 53. Kg5 Rh3 54. f5 h4 55. Kg4 Rh1 56. gxh4 1-0

[Event "Budapest FS02 GM"]
[Site "Budapest"]
[Date "2001.02.05"]
[Round "2"]
[White "Berkes, Ferenc"]
[Black "Sherzer, Alex"]
[Result "1/2-1/2"]
[WhiteElo "2340"]
[BlackElo "2472"]
[PlyCount "205"]
[EventDate "2001.02.03"]
[EventType "tourn"]
[EventRounds "13"]
[EventCountry "HUN"]
[EventCategory "7"]
[SourceTitle "CBM 080 Extra"]
[Source "ChessBase"]
[SourceDate "2001.03.08"]
[SourceVersion "1"]
[SourceVersionDate "2001.03.08"]
[SourceQuality "1"]

1. c4 e5 2. g3 c6 3. d4 exd4 4. Qxd4 d5 5. Bg2 Nf6 6. Nc3 Be6 7. cxd5 cxd5 8. Nf3 Nc6 9. Qa4 Bc5 10. 0-0 0-0 11. Qb5 Qb6 12. Qxb6 axb6 13. Rd1 d4 14. Nb5 Bb3 15. Re1 Rxa2 16. Rxa2 Bxa2 17. Kf1 Bc4 18. Na3 Ba6 19. Bf4 Re8 20. h3 h6 21. h4 Nd5 22. Bd2 Ndb4 23. Bh3 Ne5 24. Kg2 Nxf3 25. Kxf3 Nc6 26. Bf5 Ne5+ 27. Kg2 Nc6 28. Kf3 Kf8 29. Nc2 Ne5+ 30. Kg2 Rd8 31. Bf4 Nc6 32. Bd2 Bc4 33. Kf1 b5 34. Na3 Ne5 35. Bf4 Nc6 36. Rc1 Bxa3 37. bxa3 Ke7 38. a4 Ra8 39. axb5 Bxb5 40. Rb1 Ba6 41. Be4 Rc8 42. Rd1 Rd8 43. Bc7 Rd7 44. Bb6 d3 45. exd3 Ne5 46. Ke2 Ke6 47. f4 Ng4 48. Bf3 Nh2 49. Bg2 f5 50. Bh3 Rd5 51. Ke3 Rb5 52. Bd4 g6 53. Rd2 Rb3 54. Be5 Ng4+ 55. Bxg4 fxg4 56. Ke4 Bb5 57. Bd4 Bc6+ 58. Ke3 Rb1 59. Ke2 Bf3+ 60. Kf2 h5 61. Rb2 Rd1 62. Rb6+ Bc6 63. Ke2 Rc1 64. Be3 Rc3 65. Bd2 Ra3 66. Rb1 Ra2 67. Ke3 Kd5 68. Rb4 Kc5 69. Rc4+ Kd6 70. Bb4+ Ke6 71. Bd2 Rb2 72. Rb4 Rc2 73. Rc4 Ra2 74. Rc1 Kd7 75. Rc5 Ke6 76. Rg5 Be8 77. Re5+ Kd7 78. f5 gxf5 79. Rxf5 Ra3 80. Rd5+ Ke6 81. Rd6+ Ke5 82. Rd8 Bg6 83. Bb4 Rb3 84. Bd6+ Ke6 85. Bf4 b5 86. Rd6+ Kf7 87. Be5 b4 88. Rf6+ Kg7 89. Kf4 Bxd3 90. Kg5 Kg8 91. Kxh5 Bc2 92. Kxg4 Re3 93. Bb2 Bd1+ 94. Kh3 Re2 95. Bd4 Re4 96. Rg6+ Kf7 97. Rg7+ Ke6 98. Ba1 b3 99. Rg6+ Kf7 100. Rg7+ Kf8 101. Rg5 Ra4 102. Bh8 Be2 103. h5 1/2-1/2

[Event "HUN-chT 0001"]
[Site "Hungary"]
[Date "2000.12.17"]
[Round "3"]
[White "Gyimesi, Zoltan"]
[Black "Sherzer, Alex"]
[Result "1-0"]
[WhiteElo "2539"]
[BlackElo "2472"]
[PlyCount "62"]
[EventDate "2000.11.26"]
[EventType "team-tourn"]
[EventRounds "11"]
[EventCountry "HUN"]
[SourceTitle "EXT 2009"]
[Source "ChessBase"]
[SourceDate "2008.11.26"]
[SourceVersion "1"]
[SourceVersionDate "2008.11.26"]
[SourceQuality "1"]
[WhiteTeam "Miskolc"]
[BlackTeam "Csuti"]
[WhiteTeamCountry "HUN"]
[BlackTeamCountry "HUN"]

1. d4 Nf6 2. c4 g6 3. Nc3 Bg7 4. e4 d6 5. h3 e5 6. d5 a5 7. Bg5 Na6 8. Bd3 Bd7 9. Bc2 0-0 10. Qd2 Qe8 11. Nge2 Nb4 12. 0-0-0 b5 13. cxb5 Bxb5 14. Nxb5 Qxb5 15. Nc3 Qb7 16. Kb1 Rfb8 17. Ba4 Nxe4 18. Nxe4 Nxd5 19. Bc6 Qxc6 20. Qxd5 Qxd5 21. Rxd5 f5 22. Nc3 e4 23. Kc2 Be5 24. Rhd1 Bg7 25. g4 Be5 26. gxf5 gxf5 27. f4 exf3 28. R5d3 f2 29. Rf3 Rb4 30. Rxf2 f4 31. b3 Rf8 1-0

[Event "HUN-chT 9899"]
[Site "Hungary"]
[Date "1999.??.??"]
[Round "?"]
[White "Vajda, Levente"]
[Black "Sherzer, Alex"]
[Result "1-0"]
[WhiteElo "2480"]
[BlackElo "2470"]
[PlyCount "80"]
[EventDate "1998.??.??"]
[EventType "team-tourn"]
[EventRounds "12"]
[EventCountry "HUN"]
[SourceTitle "EXT 2000"]
[Source "ChessBase"]
[SourceDate "1999.11.16"]
[SourceVersion "1"]
[SourceVersionDate "1999.11.16"]
[SourceQuality "1"]

1. e4 e5 2. Nf3 Nc6 3. d4 exd4 4. Nxd4 Bc5 5. Nb3 Bb6 6. a4 a6 7. Nc3 Qf6 8. Qe2 Nge7 9. Nd5 Nxd5 10. exd5+ Ne7 11. a5 Ba7 12. h4 0-0 13. Bg5 Qxb2 14. Bxe7 Re8 15. d6 cxd6 16. Kd2 b5 17. Qf3 Rb8 18. Bxd6 Bb7 19. Qc3 Qxc3+ 20. Kxc3 Rbc8+ 21. Kb2 Bxf2 22. Bd3 h5 23. Rh2 Re6 24. Bf4 Be1 25. Nd2 Rce8 26. g3 f6 27. Bg6 Rc8 28. Bf5 Re7 29. Rd1 g5 30. hxg5 fxg5 31. Bxg5 Bxg3 32. Rxh5 Rf7 33. Bf6 Rxf6 34. Rg1 Rf7 35. Rxg3+ Rg7 36. Rxg7+ Kxg7 37. Rh7+ Kf6 38. Rxd7 Bc6 39. Rf7+ Kxf7 40. Bxc8 Ke7 1-0

[Event "VAM Hoogeveen op"]
[Site "Hoogeveen"]
[Date "1998.10.20"]
[Round "5"]
[White "Dgebuadze, Alexandre"]
[Black "Sherzer, Alex"]
[Result "1-0"]
[WhiteElo "2505"]
[BlackElo "2470"]
[PlyCount "83"]
[EventDate "1998.09.??"]
[EventType "swiss"]
[EventRounds "9"]
[EventCountry "NED"]
[SourceTitle "EXT 1999"]
[Source "ChessBase"]
[SourceDate "1998.11.16"]
[SourceVersion "1"]
[SourceVersionDate "1998.11.16"]
[SourceQuality "1"]

1. e4 e5 2. Nf3 Nc6 3. Bb5 Nf6 4. d3 Bc5 5. Bxc6 dxc6 6. 0-0 Qe7 7. Nbd2 Bg4 8. h3 Bh5 9. Qe1 g5 10. Nxg5 Rg8 11. Ngf3 0-0-0 12. Nh4 Nd5 13. Ndf3 Qf6 14. Kh1 Nf4 15. Bxf4 Qxf4 16. Qd2 Qf6 17. g4 Bg6 18. Qg5 Qxg5 19. Nxg5 Bd4 20. Rab1 Kd7 21. Ngf3 Ke6 22. Nxd4+ Rxd4 23. f4 exf4 24. Rxf4 c5 25. Rbf1 Rf8 26. Kg2 Ra4 27. a3 c4 28. Nf3 cxd3 29. cxd3 c5 30. h4 h5 31. gxh5 Bxh5 32. Rf5 Bxf3+ 33. R1xf3 c4 34. d4 c3 35. Re5+ Kd6 36. Rd5+ Ke6 37. Rxc3 Rg8+ 38. Rg3 Rxg3+ 39. Kxg3 f5 40. Re5+ Kd6 41. Rxf5 Rxd4 42. Rd5+ 1-0

[Event "World op 26th"]
[Site "Philadelphia"]
[Date "1998.07.01"]
[Round "5"]
[White "Sherzer, Alex"]
[Black "Krush, Irina"]
[Result "1-0"]
[WhiteElo "2490"]
[BlackElo "2260"]
[PlyCount "85"]
[EventDate "1998.06.27"]
[EventType "swiss"]
[EventRounds "9"]
[EventCountry "USA"]
[SourceTitle "EXT 1999"]
[Source "ChessBase"]
[SourceDate "1998.11.16"]
[SourceVersion "1"]
[SourceVersionDate "1998.11.16"]
[SourceQuality "1"]

1. e4 c5 2. Nf3 d6 3. d4 cxd4 4. Nxd4 Nf6 5. Nc3 Nc6 6. Be3 e5 7. Nf3 Be7 8. Bc4 0-0 9. 0-0 Na5 10. Bb3 Bd7 11. Bg5 Nxb3 12. axb3 Bc6 13. Bxf6 Bxf6 14. Qd3 Be7 15. Rfd1 Re8 16. Nd2 f5 17. exf5 d5 18. Nc4 e4 19. Qe2 Bc5 20. b4 Bxb4 21. Nxd5 Bxd5 22. Ne3 Be7 23. Nxd5 Bf6 24. c3 Re5 25. Qc4 Kh8 26. g3 a6 27. h4 Qf8 28. Ne3 Rc8 29. Qb3 Rb5 30. Qc2 Qe7 31. Ra4 Re8 32. Kg2 h6 33. Rd5 Rxd5 34. Nxd5 Qe5 35. Ne3 Kh7 36. Qb3 Re7 37. Rd4 b5 38. Qa2 Ra7 39. Rb4 Ra8 40. Qe6 Qxe6 41. fxe6 Kg8 42. Rxe4 Kf8 43. Nd5 1-0

[Event "Budapest FS04 GM"]
[Site "Budapest"]
[Date "1998.04.11"]
[Round "8"]
[White "Csom, Istvan"]
[Black "Sherzer, Alex"]
[Result "0-1"]
[WhiteElo "2460"]
[BlackElo "2490"]
[PlyCount "168"]
[EventDate "1998.04.04"]
[EventType "tourn"]
[EventRounds "13"]
[EventCountry "HUN"]
[EventCategory "7"]
[SourceTitle "CBM 063 Extra"]
[Source "ChessBase"]
[SourceDate "1998.04.29"]
[SourceVersion "1"]
[SourceVersionDate "1998.04.29"]
[SourceQuality "1"]

1. Nf3 d5 2. g3 Nf6 3. Bg2 Bg4 4. d3 Nbd7 5. Nbd2 e5 6. h3 Bh5 7. e4 c6 8. 0-0 Bd6 9. b3 0-0 10. Bb2 Re8 11. Qe2 Qa5 12. a3 Rad8 13. Rfe1 Qb6 14. Qf1 a5 15. Rab1 a4 16. b4 d4 17. c3 dxc3 18. Bxc3 Qc7 19. Nc4 Bxf3 20. Bxf3 b5 21. Nxd6 Qxd6 22. Be2 c5 23. bxc5 Nxc5 24. Rxb5 Nb3 25. Rb4 Rc8 26. Bb2 Rb8 27. Bc3 Rbc8 28. Bb2 Nd2 29. Qg2 Rc2 30. Bd1 Rcc8 31. Re3 Rb8 32. Bc3 Nb1 33. Be1 Nxa3 34. Rxb8 Rxb8 35. Bxa4 Rb1 36. Qf3 Qa6 37. Bd1 Nb5 38. Qf5 Rxd1 39. Qxe5 h6 40. Kg2 Qc6 41. Bb4 Rb1 42. Qe7 Nc7 43. Re1 Rb2 44. Ba3 Rc2 45. Qf8+ Kh7 46. Qxf7 Qc3 47. Bf8 Ne6 48. Re3 Qe5 49. Be7 Ng8 50. Ba3 Nd4 51. Bb4 Nc6 52. Bf8 Nd4 53. Bb4 Rc7 54. Qf8 Nc2 55. Rf3 Nxb4 56. Qxb4 Nf6 57. Qd2 Rd7 58. Qe3 Kg8 59. Rf5 Qc3 60. Rf3 Rd8 61. e5 Nd5 62. Qe4 Qc6 63. h4 Qe6 64. h5 Ne7 65. Re3 Nc6 66. Qc4 Qxc4 67. dxc4 Rd4 68. f4 Rxc4 69. Kh3 Kf7 70. Rd3 Nd4 71. Ra3 Ke6 72. Kg4 Nc6 73. Kh3 Kf5 74. Ra8 Nd4 75. Ra7 Ne6 76. Re7 Rc6 77. Kh4 Rc1 78. Rf7+ Ke4 79. Kg4 Rc7 80. Rxc7 Nxc7 81. Kh4 Kf5 82. Kh3 Ne6 83. Kh4 Nd4 84. Kh3 Ne2 0-1

[Event "Budapest FS04 GM"]
[Site "Budapest"]
[Date "1998.04.08"]
[Round "5"]
[White "Sherzer, Alex"]
[Black "Cladouras, Panagiotis"]
[Result "1-0"]
[WhiteElo "2490"]
[BlackElo "2355"]
[PlyCount "87"]
[EventDate "1998.04.04"]
[EventType "tourn"]
[EventRounds "13"]
[EventCountry "HUN"]
[EventCategory "7"]
[SourceTitle "CBM 063 Extra"]
[Source "ChessBase"]
[SourceDate "1998.04.29"]
[SourceVersion "1"]
[SourceVersionDate "1998.04.29"]
[SourceQuality "1"]

1. e4 e5 2. Nf3 Nc6 3. Bb5 a6 4. Ba4 Nf6 5. 0-0 Be7 6. Re1 b5 7. Bb3 d6 8. c3 0-0 9. h3 Na5 10. Bc2 c5 11. d4 Qc7 12. Nbd2 cxd4 13. cxd4 Bd7 14. Nf1 Rac8 15. Ne3 Nc6 16. Bb3 exd4 17. Nxd4 Nxd4 18. Qxd4 Qc5 19. Qd3 Be6 20. Nf5 Bxf5 21. exf5 d5 22. Be3 Qd6 23. a4 Bd8 24. Bd4 Bc7 25. g3 Bb6 26. axb5 Bxd4 27. Qxd4 axb5 28. Rad1 Rfe8 29. Rxe8+ Rxe8 30. Bxd5 Kf8 31. Bf3 Re1+ 32. Kg2 Rxd1 33. Qxd1 Qb6 34. b4 Ne8 35. Qd7 Nd6 36. Bd5 h6 37. g4 Kg8 38. h4 Qb8 39. g5 hxg5 40. hxg5 Kh8 41. f6 gxf6 42. Qh3+ Kg8 43. g6 Qc8 44. Qh7+ 1-0

[Event "Budapest FS04 GM"]
[Site "Budapest"]
[Date "1998.04.06"]
[Round "3"]
[White "Sherzer, Alex"]
[Black "Glek, Igor Vladimirovich"]
[Result "1-0"]
[WhiteElo "2490"]
[BlackElo "2565"]
[PlyCount "131"]
[EventDate "1998.04.04"]
[EventType "tourn"]
[EventRounds "13"]
[EventCountry "HUN"]
[EventCategory "7"]
[SourceTitle "CBM 063 Extra"]
[Source "ChessBase"]
[SourceDate "1998.04.29"]
[SourceVersion "1"]
[SourceVersionDate "1998.04.29"]
[SourceQuality "1"]

1. e4 e6 2. d4 d5 3. Nc3 Nf6 4. e5 Nfd7 5. f4 c5 6. Nf3 Nc6 7. Be3 a6 8. Qd2 b5 9. dxc5 Bxc5 10. Bxc5 Nxc5 11. Qf2 Qb6 12. b4 Nd7 13. a4 Nxb4 14. axb5 Qxf2+ 15. Kxf2 Nxc2 16. Ra5 0-0 17. Bd3 d4 18. Be4 dxc3 19. Bxa8 Nb4 20. Ra3 c2 21. Nd4 axb5 22. Be4 Nc5 23. Bxc2 Rd8 24. Ra8 Nxc2 25. Nxc2 Nd3+ 26. Kg3 g5 27. Rd1 gxf4+ 28. Kh4 Kg7 29. Nb4 Bb7 30. Rxd8 Nxb4 31. Kg5 Bxg2 32. Kxf4 Nd5+ 33. Kg5 h6+ 34. Kh4 Be4 35. Rg1+ Bg6 36. Rb8 b4 37. Kg4 Kh7 38. Ra1 Bf5+ 39. Kf3 Bc2 40. Rg1 Bg6 41. Rc1 Bd3 42. Rg1 Bg6 43. h4 Ne7 44. Rb7 Nd5 45. Ra1 h5 46. Raa7 Kg7 47. Rb8 Bc2 48. Rbb7 Bg6 49. Kg3 Kg8 50. Rb8+ Kg7 51. Rbb7 Kg8 52. Ra8+ Kg7 53. Rd8 Kh6 54. Kf3 Kg7 55. Kg3 Kh6 56. Rxd5 exd5 57. Kf4 d4 58. Rxb4 d3 59. Rd4 Bh7 60. Rd6+ Bg6 61. Rd7 Kg7 62. Kg5 Kf8 63. Kf6 Ke8 64. Rd4 Bh7 65. Rb4 d2 66. Rd4 1-0

[Event "HUN-chT 9798"]
[Site "Hungary"]
[Date "1997.??.??"]
[Round "?"]
[White "Csom, Istvan"]
[Black "Sherzer, Alex"]
[Result "1/2-1/2"]
[WhiteElo "2460"]
[BlackElo "2495"]
[PlyCount "75"]
[EventDate "1997.??.??"]
[EventType "team-tourn"]
[EventRounds "12"]
[EventCountry "HUN"]
[SourceTitle "EXT 2000"]
[Source "ChessBase"]
[SourceDate "1999.11.16"]
[SourceVersion "1"]
[SourceVersionDate "1999.11.16"]
[SourceQuality "1"]

1. c4 e5 2. d3 f5 3. g3 Nf6 4. Bg2 Nc6 5. Nc3 Bb4 6. Bd2 0-0 7. Rc1 d6 8. a3 Bxc3 9. Bxc3 Qe8 10. Qd2 f4 11. gxf4 Qg6 12. Bxc6 bxc6 13. fxe5 Nh5 14. Qe3 Qg2 15. Qe4 Rxf2 16. Qxg2 Rxg2 17. Kf1 Rg6 18. Nf3 Bg4 19. Kf2 Rf8 20. Rhg1 Nf4 21. Ke3 Nxe2 22. Rxg4 Nxc1 23. Rxg6 hxg6 24. e6 Nxd3 25. e7 Rxf3+ 26. Kxf3 Kf7 27. b4 Kxe7 28. Ke4 Nf2+ 29. Kf3 Nd3 30. Ke4 Nf2+ 31. Kf3 Nh3 32. Kg4 Ng1 33. Bxg7 c5 34. bxc5 dxc5 35. Be5 c6 36. Bb8 a6 37. Ba7 Ne2 38. Bxc5+ 1/2-1/2

[Event "HUN-chT 9697"]
[Site "Hungary"]
[Date "1997.??.??"]
[Round "9"]
[White "Sherzer, Alex"]
[Black "Ruck, Robert"]
[Result "0-1"]
[WhiteElo "2500"]
[BlackElo "2455"]
[PlyCount "62"]
[EventDate "1996.??.??"]
[EventType "team-tourn"]
[EventRounds "12"]
[EventCountry "HUN"]
[SourceTitle "EXT 2006"]
[Source "ChessBase"]
[SourceDate "2005.11.24"]
[SourceVersion "1"]
[SourceVersionDate "2005.11.24"]
[SourceQuality "1"]
[WhiteTeam "Csuti"]
[BlackTeam "Haladas"]
[WhiteTeamCountry "HUN"]
[BlackTeamCountry "HUN"]

1. e4 c5 2. Nf3 d6 3. d4 cxd4 4. Nxd4 Nf6 5. Nc3 a6 6. f4 Nbd7 7. Nf3 e6 8. a4 Be7 9. Bd3 Nc5 10. 0-0 0-0 11. Kh1 b6 12. Qe2 Bb7 13. Bd2 Rc8 14. b4 Nxd3 15. cxd3 Rc7 16. b5 a5 17. Rac1 Qb8 18. Qf2 Nd7 19. Qg3 Rfc8 20. Ne2 Rxc1 21. Bxc1 Bf6 22. f5 exf5 23. exf5 Ne5 24. Bg5 Bxg5 25. Nxg5 Rc2 26. Nf4 Qc8 27. f6 Rc1 28. Re1 Rxe1+ 29. Qxe1 Qg4 30. Ngh3 g5 31. Qe2 gxf4 0-1

[Event "World op 25th"]
[Site "Philadelphia"]
[Date "1997.??.??"]
[Round "4"]
[White "Sherzer, Alex"]
[Black "Wojtkiewicz, Aleksander"]
[Result "0-1"]
[WhiteElo "2500"]
[BlackElo "2575"]
[PlyCount "106"]
[EventDate "1997.06.28"]
[EventType "swiss"]
[EventRounds "9"]
[EventCountry "USA"]
[SourceTitle "EXT 2000"]
[Source "ChessBase"]
[SourceDate "1999.11.16"]
[SourceVersion "1"]
[SourceVersionDate "1999.11.16"]
[SourceQuality "1"]

1. e4 c5 2. Nf3 d6 3. d4 cxd4 4. Nxd4 Nf6 5. Nc3 a6 6. h3 e6 7. g4 b5 8. g5 Nfd7 9. Bg2 Bb7 10. Be3 Ne5 11. a4 b4 12. Nce2 d5 13. Ng3 Be7 14. h4 dxe4 15. Nxe4 Qc7 16. Qh5 g6 17. Qe2 Nbd7 18. 0-0-0 Nc4 19. Nf6+ Nxf6 20. Bxb7 Qxb7 21. Qxc4 Rc8 22. Qd3 Nh5 23. Kb1 0-0 24. Qe2 Rfd8 25. Qf3 Rd5 26. Bc1 Qd7 27. Nb3 Rxd1 28. Rxd1 Qxa4 29. Qb7 Qc6 30. Rd7 Qxb7 31. Rxb7 Kf8 32. Nd4 Ke8 33. b3 Ng7 34. Bf4 Bc5 35. Be5 Nf5 36. Nxf5 exf5 37. f4 Rd8 38. c4 bxc3 39. Bxc3 Bd6 40. Bd2 Rb8 41. Rxb8+ Bxb8 42. Kc2 Ba7 43. Be1 Kd7 44. Kd3 Kc6 45. Kc4 Be3 46. Bg3 Bg1 47. Kb4 Kd5 48. Ka5 Ke4 49. b4 Kf3 50. Be1 Kxf4 51. Kxa6 Kf3 52. b5 f4 53. Bd2 Ke4 0-1